000 01257cam a22003497a 4500
003 CHAP
005 20220817043839.0
008 020730d2002 mx r 00110 spa d
010 _a85993
011 _a86965
035 _a97506
040 _cCHAP
090 _aTesis
100 0 0 _aCárdenas Delgado, José Manuel.
_924056
245 1 0 _aSistema integral de evaluación docente :
_buna propuesta constructivista
_c/por José Manuel Cárdenas Delgado
260 _aChapingo, Méx. :
_bEl autor,
_c2002.
300 _a76 h. :
_bgráfs. + anexos
502 _aTesis (Maestro en Procesos Educativos) -- UACH. División de Ciencias Económico Administrativas
590 _aALEPH
_b10
_c20130110
_lUCH01
_h1447
590 _aBATCH-UPD
_b10
_c20130110
_lUCH01
_h0508
590 _aBATCH-UPD
_b10
_c20130410
_lUCH01
_h0146
590 _aBATCH-UPD
_b10
_c20130914
_lUCH01
_h0952
590 _aCONVERSION
_b10
_c20130109
_lUCH01
_h1348
650 1 4 _aEducación superior.
650 1 4 _aMaestros
_xEvaluación.
_969755
650 1 4 _aMaestros
_xFormación de.
_969756
901 _aBK
905 _aMayto Villalobos S
942 _cFOLL
949 _aTesis
_bBC
_cLIBRO
_d33724000849840
_eTS2
_fc.2
_h39543
_i97506
_si
949 _aTesis
_bBC
_cTES
_d975061
_eTS1
_h39542
_i97506
_sb
999 _c85993
_d85993